000 00422nam a2200157 a 4500
020 _a9823440018
040 _cHWE
082 0 0 _a362 UNI 1996 C163 Or.
245 0 0 _aTime to act :
_bthe Pacific response to HIV and AIDS.
260 _aSuva, Fiji :
_bUnited Nations,
_c1996
300 _aviii, 124 p. :
_bill. ;
_c27 cm.
650 0 _aAIDS (Disease)
650 0 _aHIV infections
710 2 _aUnited Nations.
942 _cEK
999 _c19184
_d19184